HBF regional survey of house builders (Record no. 81777)
[ view plain ]
| 000 -LEADER | |
|---|---|
| fixed length control field | 00968cab a22002055a 4500 |
| 001 - CONTROL NUMBER | |
| control field | L148302 |
| 008 - FIXED-LENGTH DATA ELEMENTS--GENERAL INFORMATION | |
| fixed length control field | 090901s2009 xxkdo f s 000 0 eng d |
| 035 ## - SYSTEM CONTROL NUMBER | |
| System control number | (Sirsi) u148302 |
| 041 0# - LANGUAGE CODE | |
| Language code of text/sound track or separate title | eng |
| 110 2# - MAIN ENTRY--CORPORATE NAME | |
| Corporate name or jurisdiction name as entry element | Home Builders Federation |
| 9 (RLIN) | 4896 |
| 245 00 - TITLE STATEMENT | |
| Title | HBF regional survey of house builders |
| Remainder of title | March 2009 |
| 260 ## - PUBLICATION, DISTRIBUTION, ETC. | |
| Date of publication, distribution, etc. | 2009 |
| 490 ## - SERIES STATEMENT | |
| Series statement | Housing Market Report |
| Volume/sequential designation | (202) March 2009, 7-12 (6) |
| 520 ## - SUMMARY, ETC. | |
| Summary, etc. | Presents results of a regional survey of homebuilders in Great Britain for March 2009. Finds that the decline in site visitors and net reservations eased in March 2009 compared with their amount in March 2008. The balance of companies reporting falling new home prices reduced to -27% in March 2009. Housebuilders are expecting to reduce private housing starts in 2009. |
| 590 ## - LOCAL NOTE (RLIN) | |
| Local note | KA |
| 650 24 - SUBJECT ADDED ENTRY--TOPICAL TERM | |
| Topical term or geographic name entry element | HBF REGIONAL SURVEY OF HOUSE BUILDERS |
| 651 #4 - SUBJECT ADDED ENTRY--GEOGRAPHIC NAME | |
| Geographic name | Great Britain |
| Chronological subdivision | 1707- |
| 690 ## - LOCAL SUBJECT ADDED ENTRY--TOPICAL TERM (OCLC, RLIN) | |
| Topical term or geographic name as entry element | PROPERTY-RESIDENTIAL PROPERTY-RESIDENTIAL PROPERTY MARKET |
| 942 ## - ADDED ENTRY ELEMENTS (KOHA) | |
| Suppress in OPAC | 0 |
| Withdrawn status | Lost status | Source of classification or shelving scheme | Damaged status | Not for loan | Home library | Current library | Shelving location | Date acquired | Total Checkouts | Full call number | Barcode | Date last seen | Copy number | Price effective from | Koha item type |
|---|---|---|---|---|---|---|---|---|---|---|---|---|---|---|---|
| Dewey Decimal Classification | London | London | Journal article | 01/09/2009 | L148302 | 148302-1001 | 06/08/2019 | 1 | 06/08/2019 | Journal article |